| 000 | 00490nam a22001817a 4500 | ||
|---|---|---|---|
| 999 |
_c526338 _d526338 |
||
| 003 | NUST | ||
| 020 | _a- | ||
| 038 | _aZafar Malik | ||
| 082 |
_a891.491 _bIMD |
||
| 100 |
_aImdad Sabir Hussain _917322 |
||
| 245 |
_aSuch Day Divay \ _cSabir Hussain Imdad |
||
| 260 |
_aPeshawar : _bGandhara Hindko Board Pakistan ; _c2004. |
||
| 300 | _a184 p. ; | ||
| 500 | _aHardcover | ||
| 880 |
_6100-02\r _aصابر حسین امداد |
||
| 880 |
_6245-02\r _aسچ دے ڈیوے |
||
| 942 |
_2ddc _cBK |
||